Holiday Quiz

Random Holiday or Song Quiz

Christmas Song Spree II Quiz Stats

 Plays Quiz Updated Dec 9, 2017

Challenge
Share
Tweet
Embed
Score 0/234 Timer 15:00
0 Plays Today
Song % Correct
Song 2a
97%
Song 3a
97%
Song 3a
97%
Song 4a
97%
Song 4a
97%
Song 4a
97%
Song 5a
97%
Song 8A
97%
Song 8a
97%
Song 10a
97%
Song 7a
97%
Song 5I
96.6%
Song 1the
96.1%
Song 1the
96.1%
Song 3the
96.1%
Song 4the
96.1%
Song 5the
96.1%
Song 5the
96.1%
Song 5the
96.1%
Song 7the
96.1%
Song 7the
96.1%
Song 7the
96.1%
Song 8the
96.1%
Song 10the
96.1%
Song 9the
96.1%
Song 3you
92.9%
Song 6You
92.9%
Song 6You
92.9%
Song 6you
92.9%
Song 8you
92.9%
Song 10you
92.9%
Song 10you
92.9%
Song 9You
92.9%
Song 3Christmas,
92.8%
Song 5Christmas.
92.8%
Song 9Christmas.
92.8%
Song 1to
92.2%
Song 3to
92.2%
Song 5to
92.2%
Song 5To
92.2%
Song 6to
92.2%
Song 9be
91.7%
Song 1it
91.7%
Song 1it
91.7%
Song 1it
91.7%
Song 10it
91.7%
Song 2an
91.7%
Song 7we
91.1%
Song 1is
91.1%
Song 1is
91.1%
Song 6is
91.1%
Song 8is
91.1%
Song 1And
90.9%
Song 2And
90.9%
Song 3and
90.9%
Song 4and
90.9%
Song 4And
90.9%
Song 5And
90.9%
Song 10And
90.9%
Song 9And
90.9%
Song 9and
90.9%
Song 1snow,
90.5%
Song 1snow,
90.5%
Song 1snow.
90.5%
Song 5snow.
90.5%
Song 8snow
90.5%
Song 7snow,
90.5%
Song 9snow
90.5%
Song 2on
90.3%
Song 9on
90.3%
Song 9on
90.3%
Song 1no
88.9%
Song 10him/it,
88.8%
Song 3in
88.6%
Song 5in
88.6%
Song 8In
88.6%
Song 8in
88.6%
Song 7in
88.6%
Song % Correct
Song 1go,
88.3%
Song 3go,
88.3%
Song 7go,
88.3%
Song 1Let
86.6%
Song 1let
86.6%
Song 1let
86.6%
Song 4of
86%
Song 5of
86%
Song 4out
85.9%
Song 6out.
85.9%
Song 5bells
85.6%
Song 8bells
85.6%
Song 1so
84.9%
Song 5I'm
84.7%
Song 6I'm
84.7%
Song 5sleigh
83.5%
Song 8Sleigh
83.5%
Song 7sleigh,
83.5%
Song 2like
83.5%
Song 3like
83.5%
Song 5like
83.5%
Song 1fire
83.1%
Song 2fire,
83.1%
Song 2open
83%
Song 7all
83%
Song 7open
83%
Song 2nose,
82.5%
Song 4nose,
82.5%
Song 10nose.
82.5%
Song 5white
81.8%
Song 9me.
81.6%
Song 10ever
81.4%
Song 1But
81.2%
Song 8are
81.1%
Song 2your
80.9%
Song 2at
80.8%
Song 5dreaming
80.7%
Song 5listen,
80.7%
Song 5know.
80.6%
Song 8ring,
80.5%
Song 2Frost
80.3%
Song 4happy
80%
Song 8happy
80%
Song 5glisten,
79.6%
Song 9tree.
79.6%
Song 5Just
79.2%
Song 1delightful,
78.9%
Song 1outside
78.8%
Song 1Oh,
78.8%
Song 5used
78.7%
Song 10if
78.7%
Song 8winter
78.6%
Song 1weather
78.6%
Song 2roasting
78.5%
Song 2Chestnuts
78.4%
Song 7way.
78.2%
Song 1place
78%
Song 8listening.
77.8%
Song 5ones
77.8%
Song 1frightful,
77.7%
Song 8wonderland.
77.7%
Song 8Walking
76.8%
Song 2Jack
76.4%
Song 3glistening
76.3%
Song 8glistening.
76.3%
Song 6Santa
75.9%
Song 10very
75.9%
Song 7through
75.8%
Song 7laughing
75.5%
Song 10had
75.5%
Song 10reindeer
75.2%
Song 2nipping
75.1%
Song 10Rudolph,
75.1%
Song 5Where
74.9%
Song 7Dashing
74.8%
Song 10saw
74.7%
Song 7Over
74.5%
Song 7one-horse
74.4%
Song % Correct
Song 5hear
74.1%
Song 5children
73.9%
Song 10shiny
73.9%
Song 10would
73.8%
Song 10say
73.8%
Song 10red-nosed
73.6%
Song 8tonight.
72.9%
Song 8We're
72.7%
Song 10even
72.6%
Song 6Claus
72.6%
Song 3With
72.3%
Song 4With
72.3%
Song 3It's
72.2%
Song 8beautiful
72.2%
Song 10glows.
71.8%
Song 9can
71.6%
Song 8sight.
71.6%
Song 6not
71.5%
Song 6not
71.5%
Song 9for
71.5%
Song 6town.
71.4%
Song 6coming
71.4%
Song 6why.
70.8%
Song 1since
70.4%
Song 6better
70.1%
Song 6better
70.1%
Song 6Better
70.1%
Song 6telling
69.7%
Song 3look
69.4%
Song 3look
69.4%
Song 4snowman
69.3%
Song 3lot
69.2%
Song 4Frosty
69.1%
Song 4was
68.9%
Song 1we've
68.9%
Song 6watch
68.8%
Song 6cry.
68.8%
Song 3beginning
68.6%
Song 7fields
68%
Song 9home
67.1%
Song 8lane,
67.1%
Song 9I'll
67%
Song 6pout.
66.6%
Song 5treetops
66.2%
Song 3Everywhere
66.1%
Song 9count
65.7%
Song 4made
65.4%
Song 4coal.
65.4%
Song 4eyes
65.3%
Song 4two
65.1%
Song 4jolly
64.8%
Song 4button
64.3%
Song 4soul,
62.6%
Song 2up
61.9%
Song 2by
60.8%
Song 4pipe
60.6%
Song 9have
60.3%
Song 4corncob
58.8%
Song 2carols
57.3%
Song 9mistletoe,
57.2%
Song 2Eskimos.
57.1%
Song 2sung
56.7%
Song 2being
56.6%
Song 2dressed
56.6%
Song 3Take
56.2%
Song 2choir,
56%
Song 2Yuletide
55.8%
Song 9presents
54.1%
Song 2folks
53.8%
Song 3silver
41.1%
Song 9Please
40.2%
Song 3once
37.8%
Song 3again,
36.4%
Song 3candy
35.9%
Song 3aglow.
35.8%
Song 3canes
35.5%
Song 3five-and-ten
31.4%
Song 3lanes
29.3%

You're not logged in!

Compare scores with friends on all Sporcle quizzes.
OR
Log In

You Might Also Like...

Show Comments

Extras

Top Quizzes Today


Score Distribution

Your Account Isn't Verified!

In order to create a playlist on Sporcle, you need to verify the email address you used during registration. Go to your Sporcle Settings to finish the process.

Report this User

Report this user for behavior that violates our Community Guidelines.

Details: